LEADER 01353nam a2200229 4500 001 000000337191 003 CaOOAMICUS 005 20230928124206.0 008 191016s1784 it a 000 u lat r 026 $au-m& e-*, o,on prre (3) 1784 (R)$a[*= carattere greco] 040 $aSeMil$bita 100 11$aBull, George,$d<1634-1710>.$0(OLS)http://semarc/name/110339 245 10$aVol. 1. 264 1$aTicini :$bIn Typographeo R. & I. Monasterii S. Salvatoris,$c1784. 300 $aXL, 595, [1] p., [1] carta di tav. :$britr. ;$c8° 500 $aSegn.: *-2*? 3*? A-2N? 2O¹? 773 0 $aBull, George <1634-1710>$tDefensio fidei Nicaenae ex scriptis catholicorum doctorum, qui intra tria prima ecclesiae christianae saecula floruerunt in qua obiter quoque Constantinopolitana confessio de Spiritu Sancto antiquorum testimoniis adstruitur auctore Georgio Bullo S.S.T.P. ... Accessere ad hanc editionem adnotata quaedam I. E. Grabe ... Vol. 1. [-3.].$dTicini : In Typographeo R. & I. Monasterii S. Salvatoris, 1784-1786.$w()337190 850 $aSeMil 852 $aSeMil$W1$xVenegono$y1$m3X IV 28 FA$j216899$B228945$CSeMilBibl$Z2$F228945 $8I 996 $6245$aVol. 1$9(OLS)http://semarc/title/13429 996 $6264$aTicini :$bIn Typographeo R. & I. Monasterii S. Salvatoris$9(OLS)http://semarc/publisher/58601 LEADER 00844nam a2200217 i 4500 001 000000045418 003 CaOOAMICUS 005 20120204000000.0 008 120204s1951 xx u000 u fre u 013 $a16588 040 $aSeMil$bita 245 12$aL'ascèse chrétienne et l'homme contemporain. 260 $aParis :$bLes Éditions du Cerf,$c1951. 300 $a367 p. ;$c18 cm. 490 0 $aCahiers de La vie spirituelle 650 4$aAscetica.$0(OLS)http://semarc/subject/2446 830 0$aCahiers de La vie spirituelle.$0(OLS)http://semarc/title/30577 850 $aSeMil 852 $aSeMil$W1$xVenegono$y1$m2C I 158$j11573$B11573$CSeMilBibl$Z2$F11573 $81 996 $6245$aL'ascèse chrétienne et l'homme contemporain$9(OLS)http://semarc/title/67511 996 $6260$aParis :$bLes Éditions du Cerf$9(OLS)http://semarc/publisher/29611